Statistics for First Three Letters of Each World Capital

Click here to take the quiz!

General Stats

  • This quiz has been taken 69 times
    (50 since last reset)
  • The average score is 148 of 196

Answer Stats

CountriesAnswer% Correct
AndorraAND
97%
AfghanistanKAB
97%
AlgeriaALG
95%
ArgentinaBUE
90%
AustraliaCAN
90%
AlbaniaTIR
90%
AustriaVIE
90%
ChinaBEI
87%
BrazilBRA
87%
AngolaLUA
87%
BelarusMIN
87%
CanadaOTT
87%
ColombiaBOG
85%
BelgiumBRU
85%
DenmarkCOP
85%
CubaHAV
85%
ChileSAN
85%
BulgariaSOF
85%
NetherlandsAMS
82%
GreeceATH
82%
GermanyBER
82%
HungaryBUD
82%
EgyptCAI
82%
BangladeshDHA
82%
DjiboutiDJI
82%
IrelandDUB
82%
IsraelJER
82%
BoliviaLAP/SUC
82%
LuxembourgLUX
82%
MexicoMEX
82%
BahamasNAS
82%
IndiaNEW
82%
FrancePAR
82%
Czech RepublicPRA
82%
IcelandREY
82%
ItalyROM
82%
Bosnia and HerzegovinaSAR
82%
JapanTOK
82%
MongoliaULA
82%
New ZealandWEL
82%
EthiopiaADD
79%
JordanAMM
79%
TurkeyANK
79%
IraqBAG
79%
AzerbaijanBAK
79%
LebanonBEI
79%
BelizeBEL
79%
SwitzerlandBER
79%
GuatemalaGUA
79%
VietnamHAN
79%
FinlandHEL
79%
IndonesiaJAK
79%
NepalKAT
79%
JamaicaKIN
79%
MalaysiaKUA
79%
PeruLIM
79%
PortugalLIS
79%
United KingdomLON
79%
SpainMAD
79%
PhilippinesMAN
79%
MonacoMON
79%
RussiaMOS
79%
NorwayOSL
79%
PanamaPAN
79%
CambodiaPHN
79%
HaitiPOR
79%
South AfricaPRE/CAP/BLO
79%
EcuadorQUI
79%
MoroccoRAB
79%
LatviaRIG
79%
El SalvadorSAN
79%
Costa RicaSAN
79%
Dominican RepublicSAN
79%
San MarinoSAN
79%
South KoreaSEO
79%
SingaporeSIN
79%
SwedenSTO
79%
EstoniaTAL
79%
TunisiaTUN
79%
MaltaVAL
79%
Vatican CityVAT
79%
LithuaniaVIL
79%
PolandWAR
79%
United StatesWAS
79%
CroatiaZAG
79%
United Arab EmiratesABU
77%
ThailandBAN
77%
Guinea-BissauBIS
77%
RomaniaBUC
77%
VenezuelaCAR
77%
SyriaDAM
77%
PakistanISL
77%
UkraineKIE
77%
KuwaitKUW
77%
KenyaNAI
77%
CyprusNIC
77%
North KoreaPYO
77%
Saudi ArabiaRIY
77%
Sao Tome and PrincipeSAO
77%
TaiwanTAI
77%
GeorgiaTBI
77%
IranTEH
77%
LibyaTRI
77%
ArmeniaYER
77%
NigeriaABU
74%
ParaguayASU
74%
SerbiaBEL
74%
BotswanaGAB
74%
Democratic Republic of the CongoKIN
74%
NicaraguaMAN
74%
SomaliaMOG
74%
LiberiaMON
74%
KosovoPRI
74%
FijiSUV
74%
LiechtensteinVAD
74%
GhanaACC
72%
MadagascarANT
72%
SamoaAPI
72%
TurkmenistanASH
72%
BruneiBAN
72%
Central African RepublicBAN
72%
SlovakiaBRA
72%
BarbadosBRI
72%
Saint LuciaCAS
72%
MoldovaCHI
72%
East TimorDIL
72%
GuyanaGEO
72%
ZimbabweHAR
72%
South SudanJUB
72%
RwandaKIG
72%
MaldivesMAL
72%
BahrainMAN
72%
UruguayMON
72%
ComorosMOR
72%
OmanMUS
72%
MontenegroPOD
72%
Cape VerdePRA
72%
DominicaROS
72%
North MacedoniaSKO
72%
Sri LankaSRI/COL
72%
UzbekistanTAS
72%
HondurasTEG
72%
BhutanTHI
72%
SeychellesVIC
72%
LaosVIE
72%
NamibiaWIN
72%
CameroonYAO
72%
EritreaASM
69%
Saint Kitts and NevisBAS
69%
KyrgyzstanBIS
69%
Republic of the CongoBRA
69%
SenegalDAK
69%
TanzaniaDAR
69%
QatarDOH
69%
TajikistanDUS
69%
Sierra LeoneFRE
69%
TuvaluFUN
69%
BurundiGIT
69%
UgandaKAM
69%
SudanKHA
69%
MalawiLIL
69%
MozambiqueMAP
69%
ChadNDJ
69%
Burkina FasoOUA
69%
Papua New GuineaPOR
69%
MauritiusPOR
69%
BeninPOR
69%
Antigua and BarbudaSAI
69%
GrenadaSAI
69%
YemenSAN
69%
MaliBAM
67%
GambiaBAN
67%
GuineaCON
67%
Solomon IslandsHON
67%
GabonLIB
67%
SloveniaLJU
67%
TogoLOM
67%
LesothoMAS
67%
EswatiniMBA
67%
MyanmarNAY/YAN
67%
NigerNIA
67%
MauritaniaNOU
67%
MicronesiaPAL
67%
SurinamePAR
67%
Trinidad and TobagoPOR
67%
VanuatuPOR
67%
Cote d'IvoireYAM/ABI
67%
Saint Vincent and the GrenadinesKIN
64%
ZambiaLUS
64%
Marshall IslandsMAJ
64%
Equatorial GuineaMAL
64%
KazakhstanNUR
64%
KiribatiTAR
64%
NauruYAR
62%
PalauNGE
59%
TongaNUK
59%

Score Distribution

Percentile by Number Answered

Percent of People with Each Score

Your Score History

You have not taken this quiz since the last reset